Teka-teki ciptaan tuhan

Bibliographic Details
Main Author: Amril Shah
Format: Book
Published: Petaling Jaya : Anugerah Pub. , 2014
Series:Siri Pantun Teka-teki
Subjects:

MARC

LEADER 00000cam a2200000 7i4500
001 0000044804
005 20151222.0
008 150118
020 |a 9838325462 
090 0 0 |a JF   |b NS MAL 
100 1 |a Amril Shah 
245 1 0 |a Teka-teki ciptaan tuhan   |c Amril Shah 
260 |a Petaling Jaya :   |b Anugerah Pub. ,   |c 2014 
440 |a Siri Pantun Teka-teki 
500 |a Children ages 7-9 years old (orange) 
650 0 |a Pantoums 
650 0 |a Riddles   |x Malay 
999 |a 0001307767   |b Book   |c Children Collection   |e Cawangan Taman Universiti 
999 |a 0001307768   |b Book   |c Children Collection   |e Cawangan Bukit Gambir 
999 |a 0001307769   |b Book   |c Children Collection   |e Cawangan Taman Sri Lambak 
999 |a 0001307770   |b Book   |c Children Collection   |e Cawangan Batu Pahat 
999 |a 0001307773   |b Book   |c Children Collection   |e Cawangan Segamat 
999 |a 0001307774   |b Book   |c Children Collection   |e Cawangan Pontian 
999 |a 0001307775   |b Book   |c Children Collection   |e Cawangan Tangkak 
999 |a 0001307777   |b Book   |c Children Collection   |e Cawangan Mersing 
999 |a 0001307778   |b Book   |c Children Collection   |e Cawangan Tmn. Ungku Tun Aminah 
999 |a 0001307779   |b Book   |c Children Collection   |e Cawangan Bandar Penawar 
999 |a 0001307780   |b Book   |c Children Collection   |e Cawangan Kota Tinggi 
999 |a 0001324596   |b Book   |c Children Collection   |e Cawangan Urban Transformation Centre 
999 |a 1307771   |b Book   |c Children Collection   |e Cawangan Muar